Taylor Swift Shortest Songs - Statistics

General Stats
  • This quiz has been taken 33 times
    21 since last reset
  • The average score is 12 of 18
Answer Stats
Length Song % Correct
2:26 (TV) Now That We Don't Talk
100%
2:44 Vigilante Shit
86%
2:30 Wood
86%
2:28 Glitch
79%
2:50 I Forgot That You Existed
79%
2:11 I Look in People's Windows
79%
2:30 It's Nice To Have A Friend
79%
2:51 (TV) Suburban Legends
79%
2:43 Actually Romantic
71%
2:58 Cruel Summer
64%
2:52 I Think He Knows
64%
2:53 Picture To Burn
64%
2:51 You Need To Calm Down
64%
2:36 I Can Fix Him (No Really I Can)
57%
2:54 Midnight Rain
57%
2:59 Teardrops on My Guitar
57%
2:38 (EP) Santa Baby
36%
2:34 (EP) White Christmas
36%
No matching quizzes found
Score Distribution
Percent of People with Each Score
Percentile by Number Answered
Your Score History
You have not taken this quiz since the last reset